00474 a2200169 450000100060000002000190000604000220002510000230004724000310007024500260010130000070012736200090013465000230014394200070016695201140017399900170028762430 a97885226009295 cAnchieta - Pituba aAlves, Jeferson L.10aO doente imagináriolpor10aO doente imaginário a730 a2004 4aLiteratura juvenil cBK 00104070a91.1b91.1d2023-11-21l0oLJ 028.5 S813d STE DOEp15315/PITr2023-11-21 18:30:53w2023-11-21yBK c62430d62430